World atlas of desertification

Αποθηκεύτηκε σε:
Λεπτομέρειες βιβλιογραφικής εγγραφής
Συγγραφή απο Οργανισμό/Αρχή: United Nations Environment Programme
Άλλοι συγγραφείς: Middleton, Nick (Επιμελητής έκδοσης), Thomas, David S. G. (Επιμελητής έκδοσης)
Μορφή: Βιβλίο
Γλώσσα:English
Δημοσίευση: London : Arnold, c1997
Έκδοση:2nd ed.
Θέματα:
Ετικέτες: Προσθήκη ετικέτας
Δεν υπάρχουν, Καταχωρήστε ετικέτα πρώτοι!

MARC

LEADER 00000nam a2200000 i 4500
001 1/16726
008 980818s1997 eng d
020 |a 0-340-69166-2 
035 |l 10020302 
040 |a GR-MY-UA  |b gre  |e aacr 
041 0 |a eng 
082 0 |a 333.7360223 
110 2 |a United Nations Environment Programme. 
245 1 0 |a World atlas of desertification /  |c Co-ordinating editors Nick Middleton and David Thomas 
250 |a 2nd ed. 
260 |a London :   |b Arnold,   |c c1997 
300 |a x, 182 σ.;  |b έγχρ. εικ., χάρτες;  |c 37 εκ. 
500 |a Global -- Africa -- ASSOD : the new assesment of soil degradation in South and South-East Asia -- Desetification studies and issues 
504 |a Περιέχει βιβλιογραφικές παραπομπές (σ. 171-180) και ευρετήριο 
650 0 0 |a Desertification  |x Maps. 
650 0 0 |a Soil degradation  |x Maps. 
650 0 0 |a Soil degradation  |z Africa  |x Maps. 
700 1 |a Middleton, Nick.  |4 edt 
700 1 |a Thomas, David S. G.  |4 edt 
852 |a INST  |b LESVOS  |e 19980818  |h 333.7360223 WOR  |p 005100013421  |q 005100013421  |t BK  |y 0 
852 |a INST  |b LESVOS  |e 19980818  |h 333.7360223 WOR  |p 005100013422  |q 005100013422  |t BK  |y 0 
901 |a BIBL-1998-3 
909 |a Λ  |b 058886 
909 |a Λ  |b 058885 
922 |a 1ΕΛΗ  |b 199807  |c ΚΠΣ/ΤΠ  |d ΠΑΠΑΣΩΤΗΡΙΟΥ 
950 |a 107-1998-05-26